Capital Market Integration and Australia's External Surplus

Enregistré dans:
Détails bibliographiques
Auteur principal: Makin, Tony
Format: Livre
Langue:anglais
Publié: Queensland University 1991
Édition:1. ed.
Collection:Discussion Paper No.56
Tags: Ajouter un tag
Pas de tags, Soyez le premier à ajouter un tag!

MARC

LEADER 00000nam a2200000 4500
001 c035290
005 20221214093259.5
041 0 |a eng 
044 |a AU 
245 1 0 |a Capital Market Integration and Australia's External Surplus  |c Tony Makin 
250 |a 1. ed. 
264 1 |a Queensland  |b University  |c 1991 
300 |a 20 s. 
490 1 |a Discussion Paper  |v No.56 
830 0 |a Discussion Paper  |v No.56 
100 1 |a Makin, Tony